header

Jordan and the United States (Record no. 226282)

MARC details
000 -LEADER
fixed length control field 01590nam a2200385 a 4500
082 04 - DEWEY DECIMAL CLASSIFICATION NUMBER
Classification number 337.7305695
100 1# - MAIN ENTRY--AUTHOR NAME
Personal name El-Anis, Imad.
245 10 - TITLE STATEMENT
Title Jordan and the United States
260 ## - PUBLICATION, DISTRIBUTION, ETC. (IMPRINT)
Place of publication London ;
-- New York :
Name of publisher Tauris Academic Studies,
Year of publication 2011.
300 ## - PHYSICAL DESCRIPTION
Number of Pages xviii, 320 p.
490 1# - SERIES STATEMENT
Series statement Library of international relations ;
856 40 - ELECTRONIC LOCATION AND ACCESS
Uniform Resource Identifier http://site.ebrary.com/lib/rucke/Doc?id=10456924

No items available.

© 2026 Rongo University
Contact us: librarian | system librarian | Rongo university